Sara-visa - Statistics

Yleistilastot
  • Tätä visaa on pelattu 3 kertaa
  • Keskiarvotulos 9 / 15
Vastaustilastot
Kyssäri Vastaus % Oikein
Hiusten väri Blondi
100%
Lempieläin Kissa
100%
Kuukautissuoja Kuukuppi
100%
Lempiväri Sininen
100%
Syntymäpäivä 09.12.2002
67%
Kengän koko 40
67%
Toinen nimi Julia
67%
Auto Opel Astra
67%
Lempi alkoholi Seltzer
67%
Lemmikin nimi Sia
67%
Tatuointeja (kpl) 7
33%
Lempi juoma CocaCola Zero
33%
Lemmikin lempinimi Lyllerö
33%
Celebrity crush Catherine Middleton
0%
Pahe Kuorsaa
0%
Ehtoja vastaavia visoja ei löytynyt
Tulosjakauma
Jokaisen tuloksen saaneiden osuus
Persentiili vastausten määrän mukaan
Tuloshistoriasi
Et ole pelannut tätä visaa